007270000a22001930004500003001100000005001700011008004100028040003900069041000800108082001800116100002300134245018500157260006500342300001700407650001700424650003900441650002300480650003000503LK-CoMWRAF20240120102306.0230817t1993 ||||| |||| 00| 0 eng d aLK-CoMWRAFdLK-CoMWRAFeLK-CoMWRAF aeng a342.0878bFRE aFreeman, Marsha A. aHuman rights in the family: issues and recommendations for implementation-bArticles 9,15, and 16 of the convention on the elimination of all forms of discrimination against women aMinnesota:bInternational women's rights action watch,c1993 a25 p.; 28 cm aHUMAN RIGHTS aDiscrimination against women- Laws aDomestic relations aWomen- Legal status, laws